000 02187nam a2200325 i 4500
001 000045191
003 DO-SdBNP
005 20231213072843.0
007 ta
008 150209s1986 dr a 000 0 spa d
040 _aDO-SdBNP
_bspa
_cBNPHU
_erda
082 _bM841s
_222
100 1 _aMorell, Merilio G.
_eautor
_921773
245 1 0 _aSituación forestal en República Dominicana /
_cMerilio G. Morell.
264 _aSanto Domingo :
_bProgressio, Fundación para el Mejoramiento Humano,
_c1986.
300 _aix, 77 paginas :
_bilustraciones. ;
_c22 cm.
336 _2rdacontent
_atexto
_btxt
337 _2rdamedia
_asin mediación
_bn
338 _2rdacarrier
_avolumen
_bnc
490 1 _aPROGRESSIO
_v1
500 _aDocumento base de discusión para la toma de decisiones
500 _aIncluye referencias bibliográficas y notas al pie de las páginas.
504 _aBibliografía : p. 75-77
505 0 _aTABLA DE CUADROS --
_tTABLA DE GRÁFICOS --
_tSIGLAS UTILIZADAS --
_tINTRODUCCIÓN --
_tPARTICIPACIÓN ECONÓMICA DEL SECTOR FORESTAL --
_tTierras forestales --
_tEnergía --
_tProducción de alimentos --
_tMercado de madera --
_tCuencas hidrográficas y producción de agua --
_tAgua para consumo humano e industrial
_tMateriales de construcción --
_tControl de erosión --
_tConclusión --
_tANÁLISIS DE LA POLÍTICA FORESTAL --
_tPercepción actual del problema forestal --
_tMetas alcanzadas --
_tSituación administrativa --
_tObjetivos generales del sector forestal --
_tMecanismos de implementación --
_tProgramas existentes --
_tTópicos más relevantes relacionados con el recurso bosque --
_tPolítica forestal actual --
_tLINEAMIENTOS PARA UNA POLÍTICA FORESTAL --
_tElementos esenciales de una Política forestal --
_tPlan de acción --
_tRESUMEN --
_tParticipación económica del sector forestal --
_tAnálisis de la política forestal --
_tLineamientos de política forestal --
_tBIBLIOGRAFÍA --
_tTABLA DE CUADROS --
_tTABLA DE GRÁFICOS.
590 _aInventariado, 2023 / DG
650 4 _aPolítica forestal
_zRepública Dominicana
_921775
710 2 2 _aFundación para el Mejoramiento Humano (PROGRESSIO), Republica-Dominicana
_973208
910 _aDG
942 _2ddc
_cLBS1
999 _c44680
_d44680